BIBLIOTHÈQUE DE LA MAISON DU MEXIQUE

Logo 1 Logo 2

Vida de Marcos de Obregón (notice nᵒ 11739)

détails MARC
000 -Sello discográfico
campo de control de longitud fija 01017nam a2200337 4500
005 - Identificación de versión
campo de control 20251016084835.0
035 ## - Otros números de control del sistema
Número de control del sistema 3954
099 ## - fechas locales
Tipo de ítem Koha LIBRO
100 ## - Datos de procesamiento general
Datos de procesamiento general 20040924d1951 m y1spay5003 ba
200 1# - Título y mención de responsabilidad
Título propio Vida de Marcos de Obregón
Designación general del material texto impreso
Primer mención de responsabilidad Espinel
Declaración de responsabilidad subsiguiente edición y notas Samuel Gili Gaya
Número de una pieza I
210 ## - Publicación, distribución, etc.
Lugar de publicación, distribución, etc. Madrid
Nombre del editor, distribuidor, etc. Espasa - Calpe
Fecha de publicación, distribución, etc. 1951
215 ## - Descripción física
Designación de material específico y extensión del ítem 288 p
Dimensiones 19 cm
318 ## - Nota de acción
Acción No se presta a domicilio
345 ## - Nota de información de adquisición
Fuente de adquisición/dirección de la suscripción [OBSOLETO] Donación
410 #1 - Series
Título Clásicos Castellanos
Número de volumen 43
676 ## - Clasificación Decimal Dewey
Número R860 C614 v.43
700 ## - Nombre personal - Responsabilidad primaria
Elemento de entrada Gómez Martínez-Espinel
Parte del nombre distinta del elemento de entrada Vicente
Fechas 1550-1624
Adiciones a los nombres que no sean fechas Vicente Espinel
Número Koha 13771
702 ## - Nombre personal - Responsabilidad secundaria
Elemento de entrada Gili y Gaya
Parte del nombre distinta del elemento de entrada Samuel
Fechas 1892-1976
Número Koha 18361
801 #0 - Fuente de origen
Agencia cm
856 4# - Localización electrónica y acceso
Identificador Uniforme de Recurso http://www.cervantesvirtual.com/servlet/SirveObras/12928302027819384321435/index.htm
900 ## -
-- 1/8067
900 ## -
-- 7100419833\240904
942 ## - ELEMENTOS DE ENTRADA SECUNDARIOS (KOHA)
Tipo de ítem Koha Livre

Pas d'exemplaire disponible.